Viagem à província do Espírito Santo: (Registro n. 650)
[ somente texto ]
| 000 -LÍDER | |
|---|---|
| campo de controle de tamanho fixo | 01151nam a22002657a 4500 |
| 003 - IDENTIFICADOR DO NÚMERO DE CONTROLE | |
| campo de controle | BR-ViAPE |
| 005 - DATA E HORÁRIO DA ÚLTIMA TRANSAÇÃO | |
| campo de controle | 20260518164609.0 |
| 008 - CAMPO DE DADOS FIXOS--INFORMAÇÃO GERAL | |
| campo de controle de tamanho fixo | 260513s2004 porabcogsb||| 000 0 por d |
| 040 ## - FONTE DA CATALOGAÇÃO | |
| Instituição que transcreveu o registro | BR-ViAPE |
| 245 ## - TÍTULO | |
| Título | Viagem à província do Espírito Santo: |
| Restante do título | imigração e colonização suíça 1860 |
| 250 ## - EDIÇÃO | |
| Complemento da informação de edição | edição comemorativa aos 148 anos da imigração suíça no Espírito Santo |
| 260 ## - PUBLICAÇÃO, DISTRIBUIÇÃO, ETC. | |
| Local de publicação, distribuição, etc. | Vitória |
| Nome do editor, distribuidor, etc. | Arquivo Público do Estado do Espírito Santo |
| Data da publicação, distribuição, etc. | 2004 |
| 300 ## - DESCRIÇÃO FÍSICA | |
| Extensão | 173 p. |
| Outros detalhes físicos | il. |
| 300 ## - DESCRIÇÃO FÍSICA | |
| Outros detalhes físicos | Livro disponível em PDF |
| 490 ## - TÍTULO DA SÉRIE | |
| Título da série | Coleção Canaã |
| Número do volume ou designação sequencial da série | v. 5 |
| 500 ## - NOTA GERAL | |
| Nota geral | Obra disponibilizada em PDF por integrar a Coleção Canaã do APEES. |
| 650 ## - ASSUNTO--TERMO TÓPICO | |
| Cabeçalho tópico ou nome geográfico | Imigrantes |
| Subdivisão geral | Migração |
| Subdivisão geográfica | Suíça |
| -- | Espírito Santo (Brasil) |
| 651 ## - ASSUNTO—LOCAIS GEOGRÁFICOS E HISTÓRICOS | |
| Nome geográfico | Espírito Santo (Brasil) |
| 700 ## - ENTRADA ADICIONADA - NOME PESSOAL | |
| Nome pessoal | Tschudi, Johann Jakob von |
| Datas associadas ao nome | 1818 - 1889 |
| Função do autor por extenso | autor |
| 700 ## - ENTRADA ADICIONADA - NOME PESSOAL | |
| Nome pessoal | Frond, Victor |
| Datas associadas ao nome | 1821 - 1881 |
| Função do autor por extenso | fotógrafo |
| 700 ## - ENTRADA ADICIONADA - NOME PESSOAL | |
| Nome pessoal | Franceschetto, Cilmar |
| Forma completa do nome | autor de posfácio |
| 710 ## - ENTRADA ADICIONADA - NOME DA EMPRESA | |
| Nome corporativo ou nome da jurisdição | Arquivo Público do Estado do Espírito Santo |
| 856 ## - LOCALIZAÇÃO ELETRÔNICA E ACESSO | |
| Uniform Resource Identifier | <a href="https://ape.es.gov.br/Media/ape/PDF/Livros/Viagem_Provincia_ES_1860-1.pdf">https://ape.es.gov.br/Media/ape/PDF/Livros/Viagem_Provincia_ES_1860-1.pdf</a> |
| Texto de ligação | CLIQUE AQUI PARA ACESSAR O DOCUMENTO |
| 942 ## - ELEMENTOS DE ENTRADA ADICIONADOS (KOHA) | |
| Fonte da classificação ou esquema de arquivamento na estante | Dewey Decimal Classification |
| Tipo de material Koha | Livros |
| Ocultar no OPAC | Yes |
| Status de descarte | Fonte da classificação ou esquema de arquivamento na estante | Status físico | Não pode ser emprestado | Biblioteca de origem | Biblioteca atual | Data de aquisição | Total de empréstimos | Data de último acesso | Preço efetivo de | Tipo de material Koha |
|---|---|---|---|---|---|---|---|---|---|---|
| Dewey Decimal Classification | Biblioteca do Arquivo Público do Estado do Espírito Santo | Biblioteca do Arquivo Público do Estado do Espírito Santo | 05/13/2026 | 05/13/2026 | 05/13/2026 | Livros |